000 00800nas a2200265 4500
001 BR2012008950
003 BR-BrBNA
005 20231205121529.0
007 ta
008 230509b bl.|||p| |||| 00| 00por d
040 _aBR-BrBNA
_bpor
_cBiblioteca Nacional de Agricultura
041 _a(Pt)
072 _aL73
100 1 _aReis, S.R.
100 1 _aFranco, A.M.R.
245 1 _aA Leishmaniose tegumentar americana no estado do Amazonas, Brasil. Aspectos epidemiológicos da Leishmaniose canina
650 _aCÃO
650 _aLEISHMANIOSE
650 _aPELE
650 _aEPIDEMIOLOGIA
650 _aAMAZONAS
773 0 _tRevista CFMV (Brazil)
_xISSN 1517-6959
_g(May-Aug 2010), v. 16(50) p. 35-40
_wBR2012008950
909 _a202311
_bLúcia
_c55
_dLúcia Elande
942 _2AGRIS
_n0
_cANA
999 _c223988
_d223988